राष्ट्रीय शिक्षा नीति 1986 (Record no. 17430)
[ view plain ]
| 000 -LEADER | |
|---|---|
| fixed length control field | 00223nam a22000977a 4500 |
| 003 - CONTROL NUMBER IDENTIFIER | |
| control field | SGT |
| 082 ## - DEWEY DECIMAL CLASSIFICATION NUMBER | |
| Classification number | 370 |
| Item number | NCE |
| 100 ## - MAIN ENTRY--PERSONAL NAME | |
| Personal name | NCERT |
| 245 ## - TITLE STATEMENT | |
| Title | राष्ट्रीय शिक्षा नीति 1986 |
| 942 ## - ADDED ENTRY ELEMENTS (KOHA) | |
| Source of classification or shelving scheme | Dewey Decimal Classification |
| Koha item type | Books |
| Withdrawn status | Lost status | Source of classification or shelving scheme | Damaged status | Not for loan | Collection code | Home library | Current library | Shelving location | Date acquired | SGTU | Full call number | Accession No. (Barcode) | Date last seen | Bill Date | Koha item type |
|---|---|---|---|---|---|---|---|---|---|---|---|---|---|---|---|
| Dewey Decimal Classification | Not For Loan | EDUCATION | SGT Engineering Library | SGT Engineering Library | Reference Book | 11/04/2019 | SGTU | 370 NCE | ED3486 | 11/04/2019 | 11/04/2019 | Books |